000 00413nam a2200157Ia 4500
008 191201s2011 xx 000 0 und d
082 _a330.191
_bKRI
100 _aKRUGMAN, Paul
245 0 _aInternational Economics : Theory and Policy
250 _a10th
260 _aNew Delhi
_bPearson
_c2020
300 _a785
650 _aBA Economics
700 _aOBSTFELD, Maurice and MELITZ, Marc
942 _2ddc
_cBK
999 _c10818
_d10818